000 00542nam a22001937a 4500
003 CEME
005 20210628203244.0
008 210125b xxu||||| |||| 00| 0 eng d
020 _a97881317-28536
040 _c.
082 _a518 FAU
100 _aFausett, Laurene.V
_970
245 _aApplied numerical analysis using matlab
250 _a2ND
260 _aINDIA
_bPEARSON EDUCATION INDIA
_c2009
300 _aXIII,690P
650 _aAPPLIED NUMERICAL ANALYSIS USING MATLAB.NUMERICAL ANALYSIS USING MATLAB
_964326
942 _cBK
_2ddc
999 _c572855
_d572855